Bunny loves to write (Record no. 1232)

MARC details
000 -LEADER
fixed length control field 00894nam a22002177a 4500
005 - DATE AND TIME OF LATEST TRANSACTION
control field 20250723091540.0
020 ## - INTERNATIONAL STANDARD BOOK NUMBER
International Standard Book Number 9781781868256
040 ## - CATALOGING SOURCE
Original cataloging agency FISKH
Language of cataloging eng
Transcribing agency FISKH
Modifying agency FISKH
050 ## - LIBRARY OF CONGRESS CALL NUMBER
Classification number PZ7.B4475424 Bu 2013
082 ## - DEWEY DECIMAL CLASSIFICATION NUMBER
Classification number [E]
100 ## - MAIN ENTRY--PERSONAL NAME
Personal name Bently, Peter
245 ## - TITLE STATEMENT
Title Bunny loves to write
Statement of responsibility, etc. Emma Foster & Deborah Melmon
260 ## - PUBLICATION, DISTRIBUTION, ETC.
Place of publication, distribution, etc. Bath :
Name of publisher, distributor, etc. Parragon,
Date of publication, distribution, etc. 2013.
300 ## - PHYSICAL DESCRIPTION
Extent 26 unnumbered pages :
Dimensions 30 cm.
505 ## - FORMATTED CONTENTS NOTE
Formatted contents note F
520 ## - SUMMARY, ETC.
Summary, etc. "I'm Buster. And I love to read! But write my own stories? I'm not so sure. But then ... My friend Max jumps out from behind a bush, and I have an idea. And then then ... My friend Sam shouts from high in the trees, and I have another idea ... Anyway I won't spoil my amazing story for you. You'll have to read it for yourself"--Cover verso.
521 ## - TARGET AUDIENCE NOTE
Target audience note 400 <br/>
Source Lexile estimate
521 ## - TARGET AUDIENCE NOTE
Target audience note F <br/>
Source Raz-Plus estimate
942 ## - ADDED ENTRY ELEMENTS (KOHA)
Source of classification or shelving scheme Dewey Decimal Classification
Koha item type Books
Suppress in OPAC No
999 ## -
-- 1232
-- 1232
Holdings
Withdrawn status Lost status Source of classification or shelving scheme Damaged status Not for loan Collection Home library Current library Shelving location Date acquired Total Checkouts Full call number Barcode Date last seen Date last checked out Copy number Price effective from Koha item type Date due
    Dewey Decimal Classification     Juvenile Fiction Footprints International School Library Network Toul Kork Campus Footprints International School Library Network Toul Kork Campus TK Primary Library Room(4th Floor), Bookcase 1&2, Shelves 1-16, Dark Blue Books 08/08/2023 7 BEN 823.92 PZ7.B4475424 Bu 2013 2023-0214 04/02/2025 02/04/2025 1 08/08/2023 Books  
    Dewey Decimal Classification     Juvenile Fiction Footprints International School Library Network Toul Kork Campus Footprints International School Library Network Toul Kork Campus TK Primary Library Room(4th Floor), Bookcase 1&2, Shelves 1-16, Dark Blue Books 07/14/2025 1 BEN 823.92 PZ7.B4475424 Bu 2013 2025-1843 04/01/2026 04/01/2026 2 07/14/2025 Books 04/15/2026
    Dewey Decimal Classification     Juvenile Fiction Footprints International School Library Network Toul Kork Campus Footprints International School Library Network Toul Kork Campus TK Primary Library Room(4th Floor), Bookcase 1&2, Shelves 1-16, Dark Blue Books 07/14/2025   BEN 823.92 PZ7.B4475424 Bu 2013 2025-1844 07/14/2025   3 07/14/2025 Books  
    Dewey Decimal Classification     Juvenile Fiction Footprints International School Library Network Toul Kork Campus Footprints International School Library Network Toul Kork Campus TK Primary Library Room(4th Floor), Bookcase 1&2, Shelves 1-16, Dark Blue Books 07/23/2025 1 BEN 823.92 PZ7.B4475424 Bu 2013 2025-2779 03/04/2026 02/25/2026 4 07/23/2025 Books